00000000nam##2200000za#4500
0019.587840
003CaOODSP
00520210624194829
007cr |||||||||||
008150406|2001||||xxc|||||o    f|0| 0 fre|d
040 |aCaOODSP|bfre
041 |aeng
041 |afre
043 |an-cn---
0861 |aSP2-6/2000-PDF
1101 |aCanada. |bImprimeur de la Reine.
24510|aBanques, sociétés de fiducie et sociétés de prêt - soldes non réclamés : |h[ressource électronique]|bdéclarés au 31 décembre 2000 par les banques, les sociétés de fiducie et les sociétés de prêt
260 |aOttawa - Ontario : |bImprimeur de la Reine |c2001.
300 |a518p.|btableaux
4901 |aGazette du Canada, Partie I. Supplément|vLe 4 août 2001
5203 |aSupplément à la Gazette du Canada, partie 1, le 24 août 2001.
590 |a11-19-Supp|b2011-09-23
69107|aBanque|2gcpds
69107|aSociété de fiducie|2gcpds
7760#|tBanks, trust companies and loan companies : |w(CaOODSP)9.535750
791 |tBanks, trust companies and loan companies - unclaimed balances : |eeng|w(CaOODSP)9.587839
830#0|aGazette du Canada, partie I. Supplément ;|vLe 4 août 2001|w(CaOODSP)9.500176
85640|ahttp://publications.gc.ca|qPDF|s2.23 Mo|uhttps://publications.gc.ca/collections/Collection/SP2-6-2000.pdf|yLe 4 août 2001